[Event "Secondario 15th"]
[Site "Caorle"]
[Date "1990.07.11"]
[Round "5.2"]
[White "Djordjevic, Dejan N"]
[Black "Zverev, Vladimir"]
[Result "1-0"]
[WhiteElo "2000"]
[BlackElo "2000"]
[PlyCount "131"]
[EventDate "1990.07.07"]
[EventType "swiss"]
[EventRounds "8"]
[EventCountry "ITA"]
[SourceTitle "EXT 2023"]
[Source "ChessBase"]
[SourceDate "2022.10.05"]
[SourceVersion "1"]
[SourceVersionDate "2022.10.05"]
[SourceQuality "1"]

1. e4 e5 2. Nf3 Nc6 3. Bc4 Be7 4. 0-0 Nf6 5. Qe2 d6 6. h3 0-0 7. c3 Na5 8. Bd3 c5 9. Bc2 Nc6 10. Rd1 a6 11. d4 cxd4 12. cxd4 Qc7 13. Nc3 b5 14. Be3 Na5 15. Bd3 Be6 16. Rac1 Bc4 17. b3 Bxd3 18. Qxd3 Qb8 19. dxe5 dxe5 20. Nd5 Nxd5 21. Qxd5 Ba3 22. Rb1 Re8 23. Bd2 Qc7 24. Nxe5 Qxe5 25. Qxe5 Rxe5 26. Bxa5 Rxe4 27. Rd2 Be7 28. Rc2 Re6 29. Rd1 h6 30. Re1 Rxe1+ 31. Bxe1 Rd8 32. Kf1 Rd6 33. Bb4 Re6 34. Bxe7 Rxe7 35. Rc8+ Kh7 36. Rc6 a5 37. Ra6 a4 38. bxa4 bxa4 39. Rxa4 Kg6 40. Rd4 Kf5 41. f4 Rb7 42. g4+ Ke6 43. Ke2 Rb2+ 44. Rd2 Rb4 45. Ke3 Ra4 46. h4 g5 47. fxg5 Rxg4 48. Rd4 Rg2 49. gxh6 Rg6 50. Rb4 Kd7 51. Rb7+ Kc6 52. h7 Rh6 53. Rxf7 Rxh4 54. Kf3 Kd6 55. Kg3 Rh1 56. a4 Kc6 57. Kg4 Kd6 58. Kg5 Ke6 59. Rf6+ Ke5 60. Rh6 Rg1+ 61. Kh5 Kf5 62. Rf6+ Ke5 63. Rf8 Rh1+ 64. Kg6 Rg1+ 65. Kf7 Rf1+ 66. Ke7 1-0

[Event "Secondario 15th"]
[Site "Caorle"]
[Date "1990.07.08"]
[Round "2.3"]
[White "Zverev, Vladimir"]
[Black "Redo, Nicola"]
[Result "1/2-1/2"]
[WhiteElo "2000"]
[BlackElo "2027"]
[PlyCount "75"]
[EventDate "1990.07.07"]
[EventType "swiss"]
[EventRounds "8"]
[EventCountry "ITA"]
[SourceTitle "EXT 2023"]
[Source "ChessBase"]
[SourceDate "2022.10.05"]
[SourceVersion "1"]
[SourceVersionDate "2022.10.05"]
[SourceQuality "1"]

1. d4 Nf6 2. Nf3 g6 3. Bf4 Bg7 4. h3 d6 5. e3 c6 6. c3 Nbd7 7. Bc4 0-0 8. Nbd2 Qe8 9. 0-0 e5 10. dxe5 dxe5 11. Bg3 Qe7 12. Qc2 Kh8 13. Rad1 b5 14. Bb3 c5 15. c4 a6 16. Ne4 Bb7 17. Nd6 Bc6 18. e4 Nh5 19. Bh2 Nf4 20. h4 Ne6 21. cxb5 axb5 22. a4 bxa4 23. Ba2 h6 24. Qc4 Nd8 25. h5 Rb8 26. Rd2 Rb4 27. Qe2 Ne6 28. hxg6 fxg6 29. Qa6 Rb6 30. Qc4 Nd4 31. Nxd4 cxd4 32. Nf7+ Kh7 33. Rc1 Bxe4 34. Re1 Bf5 35. Rxd4 Qxf7 36. Qxf7 Rxf7 37. Bxe5 Bxe5 38. Rxe5 1/2-1/2